Mass communication and society / (Record no. 45274)
[ view plain ]
| 000 -LEADER | |
|---|---|
| fixed length control field | 03382nam a22004217a 4500 |
| 005 - DATE AND TIME OF LATEST TRANSACTION | |
| control field | 20100913104651.0 |
| 010 ## - LCCN (DPL NO) | |
| LC control number | ENG-101471 B-428436-446 |
| 020 ## - INTERNATIONAL STANDARD BOOK NUMBER | |
| International Standard Book Number | 9788179102534 |
| Terms of availability | 650.00 |
| 035 ## - SYSTEM CONTROL NUMBER | |
| System control number | EN-85004 |
| 035 ## - SYSTEM CONTROL NUMBER | |
| System control number | B-428436-446 |
| 037 ## - SOURCE OF ACQUISITION | |
| Source of stock number/acquisition | DBAD / PUB |
| 037 ## - SOURCE OF ACQUISITION | |
| Source of stock number/acquisition | Researchco Book Centre |
| 082 ## - DEWEY DECIMAL CLASSIFICATION NUMBER | |
| Classification number | 302.2305 |
| 245 ## - TITLE STATEMENT | |
| Title | Mass communication and society / |
| Statement of responsibility, etc | edited by Sachin Bharti |
| 260 ## - PUBLICATION, DISTRIBUTION, ETC. (IMPRINT) | |
| Place of publication, distribution, etc | Jaipur |
| Name of publisher, distributor, etc | Aavishkar Publishers, Distributors |
| Date of publication, distribution, etc | 2008 |
| 270 ## - ADDRESS | |
| Address | 807, Vyas Building, Chaura Rasta, |
| City | Jaipur |
| Postal code | 302003 |
| 300 ## - PHYSICAL DESCRIPTION | |
| Extent | viii,186p. |
| Dimensions | 23cm (Hb) |
| 500 ## - GENERAL NOTE | |
| General note | Includes bibliographical references |
| 650 ## - SUBJECT ADDED ENTRY--TOPICAL TERM | |
| Topical term or geographic name as entry element | Mass media |
| General subdivision | Social aspects |
| 650 ## - SUBJECT ADDED ENTRY--TOPICAL TERM | |
| Topical term or geographic name as entry element | Mass media and culture |
| 650 ## - SUBJECT ADDED ENTRY--TOPICAL TERM | |
| Topical term or geographic name as entry element | Communication |
| General subdivision | Social aspects |
| 650 ## - SUBJECT ADDED ENTRY--TOPICAL TERM | |
| Topical term or geographic name as entry element | Communication and culture |
| 700 ## - ADDED ENTRY--PERSONAL NAME | |
| Personal name | Sachin Bharti |
| 9 (RLIN) | 19623 |
| 942 ## - ADDED ENTRY ELEMENTS (KOHA) | |
| Source of classification or shelving scheme | Dewey Decimal Classification |
| Item type | English Books |
| Call number suffix | MAS |
| Classification part | 302.2305 |
| Withdrawn status | Lost status | Not for loan | Collection code | Home library | Current library | Date acquired | Source of acquisition | Cost, normal purchase price | Full call number | Barcode | Copy number | Cost, replacement price | Koha item type |
|---|---|---|---|---|---|---|---|---|---|---|---|---|---|
| Lost and Paid For | Non-fiction | Central Library | Central Library | 11/08/2011 | Researchco Book Centre/22425/2010-11/17.3.11/76/4.3.11/30.3.11 | 650.00 | 302.2305 MAS | B-428436 | 2 | 650.00 | English Books | ||
| Non-fiction | Central Library | Central Library | 11/08/2011 | Researchco Book Centre/22425/2010-11/17.3.11/76/4.3.11/30.3.11 | 650.00 | 302.2305 MAS | B-428437 | 2 | 650.00 | English Books | |||
| Not For Loan | Non-fiction | D.B.Act.Division | D.B.Act.Division | 13/09/2010 | DBAD/PUB | 650.00 | 302.2305 MAS | EN-85004 | 1 | 650.00 | English Books | ||
| Non-fiction | Mobile Library | Mobile Library | 11/08/2011 | Researchco Book Centre/22425/2010-11/17.3.11/76/4.3.11/30.3.11 | 650.00 | 302.2305 MAS | B-428438 | 5 | 650.00 | English Books | |||
| Non-fiction | Mobile Library | Mobile Library | 11/08/2011 | Researchco Book Centre/22425/2010-11/17.3.11/76/4.3.11/30.3.11 | 650.00 | 302.2305 MAS | B-428439 | 5 | 650.00 | English Books | |||
| Non-fiction | Mobile Library | Mobile Library | 11/08/2011 | Researchco Book Centre/22425/2010-11/17.3.11/76/4.3.11/30.3.11 | 650.00 | 302.2305 MAS | B-428440 | 5 | 650.00 | English Books | |||
| Non-fiction | Mobile Library | Mobile Library | 11/08/2011 | Researchco Book Centre/22425/2010-11/17.3.11/76/4.3.11/30.3.11 | 650.00 | 302.2305 MAS | B-428441 | 5 | 650.00 | English Books | |||
| Non-fiction | Mobile Library | Mobile Library | 11/08/2011 | Researchco Book Centre/22425/2010-11/17.3.11/76/4.3.11/30.3.11 | 650.00 | 302.2305 MAS | B-428442 | 5 | 650.00 | English Books | |||
| Non-fiction | Patel Nagar | Patel Nagar | 11/08/2011 | Researchco Book Centre/22425/2010-11/17.3.11/76/4.3.11/30.3.11 | 650.00 | 302.2305 MAS | B-428443 | 1 | 650.00 | English Books | |||
| Non-fiction | Sarojini Nagar | Sarojini Nagar | 11/08/2011 | Researchco Book Centre/22425/2010-11/17.3.11/76/4.3.11/30.3.11 | 650.00 | 302.2305 MAS | B-428444 | 1 | 650.00 | English Books | |||
| Non-fiction | Shahdara Branch | Shahdara Branch | 11/08/2011 | Researchco Book Centre/22425/2010-11/17.3.11/76/4.3.11/30.3.11 | 650.00 | 302.2305 MAS | B-428445 | 1 | 650.00 | English Books | |||
| Non-fiction | Vigyan Vihar | Vigyan Vihar | 11/08/2011 | Researchco Book Centre/22425/2010-11/17.3.11/76/4.3.11/30.3.11 | 650.00 | 302.2305 MAS | B-428446 | 1 | 650.00 | English Books |
